| 000 | 01043nam a22003377a 4500 | ||
|---|---|---|---|
| 003 | CHAP | ||
| 005 | 20220817042834.0 | ||
| 008 | 971013s1980 r 00010 d | ||
| 010 | _a57333 | ||
| 011 | _a58305 | ||
| 035 | _a62460 | ||
| 040 | _cCHAP | ||
| 082 |
_a631.4016 _bS5 |
||
| 100 | 0 | 0 |
_aSmalley, Ian James _ecomp. _9106912 |
| 245 | _aLOESS ; a partial bibliography | ||
| 260 |
_aNorwich : _bGeo Abstracts, _c1980 |
||
| 300 | _a103 p. | ||
| 490 |
_aBibliography _v; 7 |
||
| 590 |
_aBATCH-UPD _b10 _c20130110 _lUCH01 _h0042 |
||
| 590 |
_aBATCH-UPD _b10 _c20130110 _lUCH01 _h0808 |
||
| 590 |
_aBATCH-UPD _b10 _c20130409 _lUCH01 _h2027 |
||
| 590 |
_aBATCH-UPD _b10 _c20130914 _lUCH01 _h0615 |
||
| 590 |
_aCONVERSION _b10 _c20130109 _lUCH01 _h1331 |
||
| 650 | 1 | 4 |
_aSuelos arcillosos. _9110534 |
| 650 | 1 | 4 |
_aSuelos _xBibliografía. _9110217 |
| 830 | 0 |
_aBibliography _v; 7 |
|
| 901 | _aBK | ||
| 942 | _cLIBRO | ||
| 949 |
_a631.4016 S5 _bBC _cC _d33724000121273 _eC _i62460 _si |
||
| 949 |
_a631.4016 S5 _bBC _cC _d33724000121315 _eC _fc.2 _h57941 _i62460 _si |
||
| 999 |
_c57333 _d57333 |
||